90s Movie Quiz #1 - Statistics

General Stats
  • This quiz has been taken 322 times
  • The average score is 10 of 16
Answer Stats
Picture Answer % Correct
The Lion King
99%
Toy Story
99%
The Matrix
91%
Fight Club
85%
Pulp Fiction
84%
The Shawshank Redemption
80%
The Silence of the Lambs
73%
Schindler's List
70%
Seven
69%
Fargo
48%
Reservoir Dogs
43%
The Fugitive
25%
Life is Beautiful
23%
Princess Mononoke
22%
Unforgiven
22%
Being John Malkovich
15%
No matching quizzes found
Score Distribution
Percent of People with Each Score
Percentile by Number Answered
Your Score History
You have not taken this quiz